Biggest Ski Resorts in the World - Statistics

General Stats
  • This quiz has been taken 7 times
  • The average score is 11 of 50
Answer Stats
Hint Answer % Correct
United States of America Vail
71%
United States of America Beaver Creek
43%
Austria St. Anton
43%
Switzerland St. Moritz
43%
United States of America Big Sky
29%
United States of America Breckenridge
29%
United States of America Deer Valley
29%
France La Plagne
29%
France Les Arcs
29%
Switzerland/France Les Portes du Soleil
29%
United States of America Park City
29%
Austria Serfaus-Fiss-Ladis
29%
Austria Skicircus
29%
Austria SkiWelt Wilder Kaiser
29%
Austria Solden
29%
United States of America Steamboat
29%
Italy Val Gardena
29%
Canada Whistler Blackcomb
29%
Switzerland/Italy Zermatt
29%
Austria Zillertal Arena
29%
Switzerland 4 Vallees
14%
France Alpe d'Huez
14%
Switzerland Arosa Lenzerheide
14%
Spain Baqueira
14%
France Espace Diamant
14%
France Espace Lumiere
14%
France/Italy Espace San Bernardo
14%
Canada Fernie
14%
Spain Formigal
14%
France Galibier Thabor
14%
Andorra Grandvalira
14%
Austria/Switzerland Ischgl
14%
Austria KitzSki
14%
Switzerland Laax
14%
Spain La Molina
14%
France Le Grand Domaine
14%
France Le Grand Massif
14%
France Les 2 Alpes
14%
France Les 3 Vallees
14%
France Les Sybelles
14%
Italy Madonna di Campiglio
14%
Austria Mayrhofen
14%
France Megeve
14%
United States of America Palisades Tahoe
14%
France Serre Chevalier
14%
United States of America Snowmass
14%
France Tignes
14%
France Vars
14%
Italy/France Via Lattea
14%
United States of America Winter Park
14%
No matching quizzes found
Score Distribution
Percent of People with Each Score
Percentile by Number Answered
Your Score History
You have not taken this quiz